Central Library OPAC University of Rajshahi

A study on the barriers to population control in bangladesh / (Record no. 36533)

MARC details
000 -LEADER
fixed length control field 00583nam a2200205 4500
001 - CONTROL NUMBER
control field 36533
003 - CONTROL NUMBER IDENTIFIER
rucl marc code BD-RjUL
005 - DATE AND TIME OF LATEST TRANSACTION
control field 20211209052512.0
008 - FIXED-LENGTH DATA ELEMENTS--GENERAL INFORMATION
fixed length control field 140625s1979 bg |||| |||| 001 0 eng d
035 ## - SYSTEM CONTROL NUMBER
System control number (BD-RjUL)36633
040 ## - CATALOGING SOURCE
Original cataloging agency BD-RjUL
Language of cataloging eng
Transcribing agency BD-RjUL
041 ## - LANGUAGE CODE
Language code of text/sound track or separate title eng
082 ## - DEWEY DECIMAL CLASSIFICATION NUMBER
Author mark and year AKS 1979
Classification number 363.905492
100 1# - MAIN ENTRY--PERSONAL NAME
Personal name Akbar, Md. Ali.
9 (RLIN) 103939
245 12 - TITLE STATEMENT
Title A study on the barriers to population control in bangladesh /
Statement of responsibility, etc. Md. Ali Akbar.
260 ## - PUBLICATION, DISTRIBUTION, ETC. (IMPRINT)
Place of publication, distribution, etc. Dacca :
Name of publisher, distributor, etc. UGC,
Date of publication, distribution, etc. 1979.
300 ## - PHYSICAL DESCRIPTION
Pagination 59 p. ;
Size 27 cm.
650 07 - SUBJECT ADDED ENTRY--TOPICAL TERM
Topical term or geographic name as entry element Population control-Bangladesh.
9 (RLIN) 111271
942 ## - ADDED ENTRY ELEMENTS (KOHA)
Source of classification or shelving scheme Dewey Decimal Classification
Koha item type Books
Holdings
Lost status Source of classification or shelving scheme Damaged status Not for loan Collection code Permanent Location Current Location Shelving location Date acquired Source of acquisition Total Checkouts Full call number Date last seen Copy number Koha item type
  Dewey Decimal Classification     Non-fiction Central Library, University of Rajshahi Central Library, University of Rajshahi   10/10/1979 Md. Ali Akbar   363.905492 AKS 1979 25/06/2014 C-2 Books